00570nam a2200193Ii 450000100060000000300090000600800410001502000150005604000330007104100080010408200170011210000280012924500650015726400610022230000120028333600260029533700280032133800270034911483CO-ViMGA241108s9999||||xx |||||||||||||| ||und|| a9589235638 aCO-ViMGAbspaerdacCO-ViMGA0 aunk04aU861.42-M17a1 aJorge A Martín Díaz10aAnálisis literario Tabaré, Juan Zorrilla de San Martín 1a[Lugar de publicación no identificado] : Esquilo, 1999 avolumen atextbtxt2rdacontent aunmediatedbn2rdamedia avolumebnc2rdacarrier